Psicología y Educación / (Record no. 204985)
[ view plain ]
| 000 -CABECERA | |
|---|---|
| campo de control de longitud fija | 00409nam a2200157 u 4500 |
| 005 - FECHA Y HORA DE LA ÚLTIMA TRANSACCIÓN | |
| campo de control | 20210219164000.0 |
| 008 - ELEMENTOS DE LONGITUD FIJA--INFORMACIÓN GENERAL | |
| campo de control de longitud fija | 190918s1990 r 000 0 eng d |
| 020 ## - NÚMERO INTERNACIONAL NORMALIZADO PARA LIBROS | |
| Número Internacional Estándar del Libro | 9688530441 |
| 035 ## - NÚMERO DE CONTROL DEL SISTEMA | |
| Número de control de sistema | UPN01000232890 |
| 100 1# - ASIENTO PRINCIPAL--NOMBRE PERSONAL | |
| Nombre de persona | Jung, Carl Gustav |
| 245 10 - MENCIÓN DE TÍTULO | |
| Título | Psicología y Educación / |
| Mención de responsabilidad, etc. | Carl Gustav Jung. |
| 260 ## - PUBLICACIÓN, DISTRIBUCIÓN, ETC. | |
| Lugar de publicación, distribución, etc. | México : |
| Nombre del editor, distribuidor, etc. | Paidós, |
| Fecha de publicación, distribución, etc. | [1990]. |
| 300 ## - DESCRIPCIÓN FÍSICA | |
| Extensión | 101 p. |
| 905 ## - TIPO DE MATERIAL | |
| Tipo de material | Libro |
No items available.
